000 00719nam a2200289Ia 4500
005 20260324142947.0
008 008 260324s9999 xx 000 0 eng d
020 _a9780429489372
037 _aEBOOK
040 _aCRL
040 _beng
040 _cCRL
041 _2eng
041 _aeng
084 _qCRL
100 _aSylvia McNamara; Gill Blenco
_91213875
245 0 _aTeaching Special Needs
245 0 _bStrategies and Activities for Children in the Primary Classroom
260 _bTaylor and Francis
260 _c1993
365 _a
365 _b170
856 _uhttp://www.taylorfrancis.com/books/9780429489372
942 _cEBOOK
999 _c1818694
_d1818694